Statistics for Unusual Sexual Interests (Paraphilias)

Click here to take the quiz!

General Stats

  • This quiz has been taken 61 times
  • The average score is 10 of 19

Answer Stats

Hint Answer % Correct
ZoophiliaAnimals
98%
UrophiliaUrine
87%
AsphyxiophiliaAsphyxiation
83%
NecrophiliaDead bodies
81%
LactophiliaBreast milk
63%
NasophiliaNoses
63%
KleptophiliaStealing
60%
CoprophiliaFeces
52%
PodophiliaFeet
50%
SadismInflicting pain
44%
OlfactophiliaSmells
44%
GerontophiliaOld people
42%
ExhibitionismExposing oneself
40%
MasochismReceiving pain
37%
VoyeurismSecretly watching people
35%
TrichophiliaHair
31%
EmetophiliaVomit
27%
HebephiliaPost-pubescent minors
15%
StigmatophiliaTattoos and piercings
13%

Score Distribution

Percentile by Number Answered

Percent of People with Each Score

Your Score History

You have not taken this quiz